Kovové a drevené konštrukcie

Salvato in:
Dettagli Bibliografici
Autori principali: Benková, Anna, 1948- (Autore), Dražkovič, Ferdinand (Autore), Kalousek, Vladimír (Autore)
Natura: Libro
Lingua:slovacco
Pubblicazione: Bratislava : SVŠT v Bratislave SvF, 1993
Edizione:1. vyd.
Soggetti:
Tags: Aggiungi Tag
Nessun Tag, puoi essere il primo ad aggiungerne!!

MARC

LEADER 00000nam a22000003a 4500
001 stu12025
005 20150617225802.8
008 951123s1993----cs------------------slo-d
020 |a 8022705624 
040 |a STU  |b slo 
041 0 |a slo 
044 |a cs 
100 1 |a Benková, Anna,  |d 1948-  |4 aut  |u V190  |U SvF Stavebná fakulta  |T SvF Katedra kovových a drevených konštrukcií  |X 577  |U V190  |Y 21  |7 A000000577 
245 1 |a Kovové a drevené konštrukcie 
250 |a 1. vyd. 
260 |a Bratislava :  |b SVŠT v Bratislave SvF,  |c 1993 
300 |a 271 s 
650 7 |a konštrukcie drevené  |2 stusub 
650 7 |a Konštrukcie kovové  |2 stusub 
700 1 |a Dražkovič, Ferdinand  |4 aut 
700 1 |a Kalousek, Vladimír  |4 aut 
996 |b 284AS01253  |c A*2464 S  |l AAKNAR  |s A  |a 24  |w stu12025_0001 
996 |b 284AS01262  |c A*2465 S  |l AAKNAR  |s A  |a 24  |w stu12025_0002 
996 |b 284AS02206  |c A*2626 S  |l AAKNST  |s P  |a 0  |w stu12025_0003 
996 |b 284AS01301  |c A*2627 S  |l AAKNAR  |s A  |a 24  |w stu12025_0004